ভারতের মৃত্তিকা পরিচর্যা / (Record no. 55573)
[ view plain ]
| 000 -LEADER | |
|---|---|
| fixed length control field | 00934nam a2200241 a 4500 |
| 001 - CONTROL NUMBER | |
| control field | 55573 |
| 003 - CONTROL NUMBER IDENTIFIER | |
| rucl marc code | BD-RjUL |
| 005 - DATE AND TIME OF LATEST TRANSACTION | |
| control field | 20211209080302.0 |
| 008 - FIXED-LENGTH DATA ELEMENTS--GENERAL INFORMATION | |
| fixed length control field | 161120s1981 bgt||||| |||| 00| 0 ben d |
| 020 ## - INTERNATIONAL STANDARD BOOK NUMBER | |
| Terms of availability | : TK 75.00 |
| 035 ## - SYSTEM CONTROL NUMBER | |
| System control number | (BD-RjUL)55696 |
| 040 ## - CATALOGING SOURCE | |
| Original cataloging agency | BD-RjUL |
| Language of cataloging | ben |
| Transcribing agency | BD-RjUL |
| 041 ## - LANGUAGE CODE | |
| Language code of text/sound track or separate title | ben |
| 082 ## - DEWEY DECIMAL CLASSIFICATION NUMBER | |
| Edition number | 23 |
| Classification number | 631.40954 |
| Author mark and year | VAR 1981 |
| 245 00 - TITLE STATEMENT | |
| Title | ভারতের মৃত্তিকা পরিচর্যা / |
| Statement of responsibility, etc. | এইচ. আর. আরাকারি....[....অন্যান্য] |
| 260 ## - PUBLICATION, DISTRIBUTION, ETC. (IMPRINT) | |
| Place of publication, distribution, etc. | ঢাকা : |
| Name of publisher, distributor, etc. | বাংলা একাডেমী, |
| Date of publication, distribution, etc. | ১৯৮১ |
| 300 ## - PHYSICAL DESCRIPTION | |
| Pagination | [৩০], ৭৫৮ পৃ. ; |
| Size | ২১ সেমি. |
| 650 ## - SUBJECT ADDED ENTRY--TOPICAL TERM | |
| Topical term or geographic name as entry element | মৃত্তিকা |
| Geographic subdivision | ভারত |
| 9 (RLIN) | 165547 |
| Topical term or geographic name as entry element | Soils |
| Geographic subdivision | India |
| 9 (RLIN) | 165548 |
| 700 ## - ADDED ENTRY--PERSONAL NAME | |
| Personal name | আরাকারি, এইচ. আর. |
| Personal name | আনাম, কায়রুল, অনুবাদ |
| 942 ## - ADDED ENTRY ELEMENTS (KOHA) | |
| Source of classification or shelving scheme | Dewey Decimal Classification |
| Koha item type | Books |
| Lost status | Source of classification or shelving scheme | Damaged status | Not for loan | Collection code | Permanent Location | Current Location | Shelving location | Date acquired | Source of acquisition | Total Checkouts | Full call number | Date last seen | Copy number | Koha item type | Cost, normal purchase price |
|---|---|---|---|---|---|---|---|---|---|---|---|---|---|---|---|
| Dewey Decimal Classification | Non-fiction | Central Library, University of Rajshahi | Central Library, University of Rajshahi | 13/10/1992 | Bangla Academy, Dhaka | B 631.40954 VAR 1981 | 20/11/2016 | C-3 | Books | ||||||
| Dewey Decimal Classification | Non-fiction | Central Library, University of Rajshahi | Central Library, University of Rajshahi | 25/06/1990 | Bangla Academy, Dhaka. | B 631.40954 VAR 1981 | 20/11/2016 | C-3 | Books | 75.00 | |||||
| Dewey Decimal Classification | Not For Loan | Non-fiction | Central Library, University of Rajshahi | Central Library, University of Rajshahi | Reading Room | 14/03/1984 | Bangla Academy, Dhaka. | B 631.40954 VAR 1981 | 02/05/2017 | C-1 | Books | 75.00 |